Les Pays qui ont changé de nom à partir du XXe siècle - Statistiques

Statistiques générales
  • Ce quiz a été pris 56 fois
    54 depuis la dernière actualisation
  • Le résultat moyen est 7 sur 9
Statistiques - réponses
Ancien Nom ➡️ Nom Actuel % Correct
Macédoine ➡️ Macédoine du Nord
100%
République Tchèque* ➡️ Tchéquie
100%
Myanmar ➡️ Birmanie
88%
Swaziland ➡️ Eswatini
82%
Pakistan Oriental ➡️ Bangladesh
80%
Samoa Occidentales ➡️ Samoa
75%
Royaume de Siam ➡️ Thaïlande
75%
Zaïre ➡️ République Démocratique du Congo
73%
Ceylan ➡️ Sri Lanka
65%
Aucun quiz correspondant
Distribution des résultats
% des personnes avec chaque résultat
Percentile par nombre de réponses
Votre historique - résultats
Vous n’avez pas pris ce quiz depuis la dernière actualisation